000 00597nam#a22002415a#4500
001 848
008 090518s1987####ag#a###g######000#fdspa#d
245 1 0 _aTu nombre en clave /
_cEdward Packard.
250 _a1ª ed.
260 _aBuenos Aires :
_bAtlántida,
_c1987.
300 _a114 p. :
_bil. ;
_c22 cm.
490 0 _aElige tu propia aventura ;
_vv. 6
020 _a9500802732
100 1 _aPackard, Edward.
080 _a82-312.9
084 _aP15
653 _aLiteratura
653 _aNovela
040 _aAR-ClEAG
_cAR-ClEAG
005 20241107184649.0
003 AR-ClEAG
942 _cBK
999 _c848
_d848
980 _62
_aEvangelina Gallicchio
_82
_gEvangelina Gallicchio